000 00892nam a2200277Ia 4500
001 dia_3998
003 CHAP
005 20230119134121.0
007 ta
008 220117s1995 mx f 000 0 spa d
010 _a174614
040 _cCHAP
_amxchpua
090 _aFOLLETO 2542
100 1 _aMuñoz Rodríguez, Manrubio
_9139120
245 1 0 _aRetos y oportunidades para las agroempresas en una economía abierta /
_cManrubio Muñoz Rodríguez y Vinicio Horacio Santoyo Cortés
260 _aChapingo, México :
_bCIESTAAM,
_c1995
300 _a66 páginas
440 _996000
_aReporte de investigación
_n24
500 _aD.
650 1 3 _aAgricultura
_xAspectos económicos
_91196
700 1 _aSantoyo Cortés, Vinicio Horacio
_9102560
901 _aFOLLETO 2542
902 _aM
905 _a0000001995 mx 0000000000spa00
942 _cFOLL
_2local
999 _c174614
_d174614